00912nam a2200193 a 450000100100000000500170001000800410002702000150006804000250008310000270010824501420013526001600027730000250043750400320046250000390049471000620053395201060059599900170070100003937120201002031622.0130625s2003 sp 001 0 spa d a8400081196 aDO-SdBNPbspacBNPHU1 aBarco del Barco96557010aProfecía y sintaxis :bel uso de las formas verbales en los Profetas Menores preexílicos /cpor Francisco Javier del Barco del Barco. aMadrid :bConsejo Superior de Investigación Científicas :bInstituto de Filología, Departamento de Filología Bíblica y de Oriente Antiguo,c2003. a259 [8] p. ;c28 cm. aBibliografía : p. 243-259 aIncluye bibliografía e índices2 aConsejo Superior de Investigación Científicas,963831 0010507-18MOaGRbGRcOId2013-06-25iLF1l0o p39371-10r2020-06-25w2020-06-25y1ZNo se presta c38861d38861